00454 2200169 4500001002100000008004100021035002000062245006700082100001600149260002800165300002300193020002200216084001400238082000800252650000900260990001500269INLIS000000000003299 ind  a0010-1225000120 a1001 Penemuan dan Fakta Mempesona Peradaban MuslimcAl Hassani aHassani, Al aJakartabGramediac2025 a96 hlmc21 x 26 cm a978-602-424-274-9 a000 ALH p a000 aUmum a19775/B/26